000 00588nam a2200181Ia 4500
008 151018s9999 xx 000 0 und d
082 _bRBASDV50182
_a891.463
100 _aमहावीर जोंधळे
245 _aनिरंग जांभूळ
250 _b1
260 _bस्पर्श प्रकाशन
_c2008
300 _a99
600 _aमहावीर जोंधळे
630 _aनिरंग जांभूळ
700 _aमहावीर जोंधळे
730 _aनिरंग जांभूळ
942 _cBOOK
999 _c1049160
_d1049157